Villes comptant le plus de stations de métro - Statistiques

Statistiques générales
  • Ce quiz a été pris 13 059 fois
  • Le résultat moyen est 18 sur 48
Statistiques - réponses
Date # Ville % Correct
1900 308 Paris
100%
1904 424 New York
94%
1890 272 Londres
92%
1927 295 Aire urbaine Tokyo
87%
1902 175 Berlin
82%
1919 242 Madrid
81%
1971 366 Pékin
81%
1935 203 Moscou
77%
1993 660 Aire urbaine Shanghai
67%
1924 166 Barcelone
67%
1933 161 Aire urbaine Osaka
59%
2002 230 New Delhi
58%
1969 163 Mexico
55%
1974 460 Aire urbaine Séoul
53%
1964 106 Milan
52%
1976 91 Washington
52%
1897 145 Chicago
51%
1979 98 Hong Kong
46%
1913 90 Buenos Aires
44%
1971 96 Munich
44%
1974 91 São Paulo
43%
1997 646 Aire urbaine Guangzhou
41%
1989 107 Istanbul
40%
1966 101 Oslo
39%
1987 127 Singapour
38%
1950 100 Stockholm
37%
1976 98 Vienne
37%
2004 247 Wuhan
24%
1908 93 Hambourg
23%
1996 119 Taipei
23%
1975 136 Santiago
20%
2000 145 Téhéran
20%
1996 104 Kuala Lumpur
19%
2011 164 Xi'an
16%
1985 135 Busan
13%
2005 225 Chongqing
13%
2010 285 Chengdu
12%
1984 164 Tianjin
9%
2005 175 Nankin
8%
2012 231 Hangzhou
6%
2015 138 Qingdao
4%
2014 100 Changsha
3%
2016 122 Hefei
3%
2014 114 Ningbo
3%
2010 91 Shenyang
3%
2013 129 Zhengzhou
3%
2016 94 Nanning
2%
2015 103 Nanchang
1%
Aucun quiz correspondant
Distribution des résultats
% des personnes avec chaque résultat
Percentile par nombre de réponses
Votre historique - résultats
Vous n’avez pas pris ce quiz